| 000 | 00533cam a22001933a 4500 | ||
|---|---|---|---|
| 001 | tmp96013764 | ||
| 003 | DLC | ||
| 005 | 20260227112755.0 | ||
| 008 | 070104s1905 gw m 000 0 ger | ||
| 010 | _atmp96013764 | ||
| 035 | _a(OCoLC)ocm48776476 | ||
| 040 |
_aDLC _cDLC _dDLC |
||
| 050 | 0 | 0 |
_aQD401 _b.W35 1905 |
| 100 | 1 |
_aWeber, Hermann, _c1879- |
|
| 245 | 1 | 0 | _aEinfluss von Substituenten auf die Bestandigkeit des Pyrrolidonringes. |
| 260 |
_aBerlin, ; _c1905 |
||
| 300 |
_a59 p. ; _c14 cm. |
||
| 502 | _aInaug.-Diss.--Berlin. | ||
| 999 |
_c91165 _d91165 |
||